Business basics : teacher's book /

You and your company. Preparing a trip. Away on business. Visiting a company. New developments. Arrangements. Describing and comparing. Success stories. Dealing with problems. People at work. Getting a job. Working in the nineties.

সংরক্ষণ করুন:
গ্রন্থ-পঞ্জীর বিবরন
প্রধান লেখক: Grant, David.
অন্যান্য লেখক: McLarty, Robert.
বিন্যাস: গ্রন্থ
ভাষা:English
প্রকাশিত: Oxford : Oxford University Press, 1995.
বিষয়গুলি:
ট্যাগগুলো: ট্যাগ যুক্ত করুন
কোনো ট্যাগ নেই, প্রথমজন হিসাবে ট্যাগ করুন!
Thư viện lưu trữ: Mạng thư viện Đại học Đà Nẵng
LEADER 01129cam a2200349 i 4500
001 000047721
003 7414
005 20030312145532.0
008 010326|1995 vm 000 eng
020 |a 0194572099 
040 |a IRC  |c IRC  |d IRC 
041 0 |a eng 
082 1 4 |a 428.2  |b GR-D 
100 1 |a Grant, David. 
245 0 0 |a Business basics :  |b teacher's book /  |c David Grant and Robert McLarty. 
260 |a Oxford :  |b Oxford University Press,  |c 1995. 
300 |a 77 p. ;  |c 27.5cm. 
520 3 |a You and your company. Preparing a trip. Away on business. Visiting a company. New developments. Arrangements. Describing and comparing. Success stories. Dealing with problems. People at work. Getting a job. Working in the nineties. 
630 0 4 |a English language. 
630 0 4 |a Business English. 
650 0 4 |a English language  |x Business English. 
700 1 |a McLarty, Robert. 
OWN |a DUT 
999 |a From the UDN01 
TYP |a Monograph 
TYP |a Printed language 
980 |a Mạng thư viện Đại học Đà Nẵng